| Tag |
First Indicator |
Second Indicator |
Subfields |
| LEADER |
00000nam a2200000 i 4500 |
| 001 |
in00004746113 |
| 008 |
230807m20239999nyua 6 000 0 eng d |
| 005 |
20241204174430.5 |
| 035 |
|
|
|a (OCoLC)on1392653526
|
| 040 |
|
|
|a IHG
|e rda
|c IHG
|d COO
|d BWK
|d TXA
|
| 020 |
|
|
|a 9781302947583
|q (v. 1 :
|q pbk.)
|
| 020 |
|
|
|a 1302947583
|q (v. 1 :
|q pbk.)
|
| 035 |
|
|
|a (OCoLC)1392653526
|
| 082 |
|
|
|a 741.5/973
|2 23/eng/20231120
|
| 090 |
|
|
|a PN6728.I76
|b D84 2023
|
| 100 |
1 |
|
|a Duggan, Gerry,
|e author.
|
| 245 |
1 |
4 |
|a The invincible Iron Man /
|c writer, Gerry Duggan ; artists, Juan Frigeri (#1-5), Andrea di Vito (#6) ; color artists, Bryan Valenza ; letterer, VC's Joe Caramagna ; cover artist, Kael Ngu.
|
| 264 |
|
1 |
|a New York :
|b Marvel Worldwide, Inc., a subsidiary of Marvel Entertainment,
|c [2023].
|
| 264 |
|
4 |
|c ©2023.
|
| 300 |
|
|
|a volumes (unpaged) :
|b color illustrations ;
|c 26 cm.
|
| 336 |
|
|
|a text
|b txt
|2 rdacontent
|
| 336 |
|
|
|a still image
|b sti
|2 rdacontent
|
| 337 |
|
|
|a unmediated
|b n
|2 rdamedia
|
| 338 |
|
|
|a volume
|b nc
|2 rdacarrier
|
| 500 |
|
|
|a "Contains material originally published in magazine form as Invincible Iron Man (2022) #1-6"-- [v.]1 Verso page
|
| 500 |
|
|
|a "Contains material originally published in magazine form as Invincible Iron Man (2022) #7-12"-- [v.]2 Verso page
|
| 500 |
|
|
|a "Iron Man created by Stan Lee, Larry Lieber, Don Heck & Jack Kirby."
|
| 520 |
|
|
|a Tony Stark has lost it all. His company, his money, maybe even his sobriety. But Stark doesn't realize he still has so much more to lose, especially when assassins start to come for him! As a familiar foe returns to destroy him once and for all, at least Ironheart is in Tony's corner. But what secret is Riri Williams harboring, and will it change their relationship forever? Soon, another close friend is found dead and it looks like Tony is the killer. Who is the real murderer? Why are they trying to frame Iron Man? And exactly how far will they go to strike at everything he holds dear? All this, plus Emma Frost! A new armor for War Machine! And the untold story of Iron Man vs. the West Coast Avengers?!
|
| 505 |
1 |
0 |
|g [v.] 1.
|t Demon in the armor --
|g [v.] 2.
|t The wedding of Tony Stark and Emma Frost --
|g [v.] 3.
|t Iron & diamonds.
|
| 600 |
0 |
0 |
|a Iron Man
|c (Fictitious character)
|v Comic books, strips, etc.
|
| 600 |
1 |
0 |
|a Frost, Emma
|c (Fictitious character)
|v Comic books, strips, etc.
|
| 650 |
|
0 |
|a Superheroes
|v Comic books, strips, etc.
|
| 655 |
|
7 |
|a Superhero comics.
|2 lcgft
|
| 655 |
|
7 |
|a Science fiction comics.
|2 lcgft
|
| 655 |
|
7 |
|a Graphic novels.
|2 lcgft
|
| 655 |
|
7 |
|a Comics (Graphic works)
|2 lcgft
|
| 700 |
1 |
|
|a Frigeri, Juan,
|e artist.
|
| 700 |
1 |
|
|a Di Vito, Andrea,
|e artist.
|
| 700 |
1 |
|
|a Valenza, Bryan,
|e colorist.
|
| 700 |
1 |
|
|a Caramagna, Joe,
|e letterer.
|
| 700 |
1 |
|
|a Ngu, Kael
|e cover artist.
|
| 948 |
|
|
|h NO HOLDINGS IN TXA - 8 OTHER HOLDINGS
|
| 994 |
|
|
|a Z0
|b TXA
|
| 999 |
f |
f |
|s 36e3dc0b-7650-4da8-8c83-7d51ffb9592c
|i fe2eb35c-31e9-43ce-95be-8d0bf3eb964c
|t 0
|
| 952 |
f |
f |
|p normal
|a Texas A&M University
|b College Station
|c Sterling C. Evans Library
|d Evans: Library Stacks
|t 0
|e PN6728.I76 D84 2023
|h Library of Congress classification
|i unmediated -- volume
|k v.2
|m A14852096669
|
| 952 |
f |
f |
|p normal
|a Texas A&M University
|b College Station
|c Sterling C. Evans Library
|d Evans: Library Stacks
|t 0
|e PN6728.I76 D84 2023
|h Library of Congress classification
|i unmediated -- volume
|k v.3
|m A14852215178
|
| 952 |
f |
f |
|p normal
|a Texas A&M University
|b College Station
|c Sterling C. Evans Library
|d Evans: Library Stacks
|t 0
|e PN6728.I76 D84 2023
|h Library of Congress classification
|i unmediated -- volume
|k v.1
|m A14852571877
|
| 998 |
f |
f |
|a PN6728.I76 D84 2023
|s v.1-3
|t 0
|l Evans: Library Stacks
|